Система вещей (Запись № 12644293)

Подробности
000 -МАРКЕР
контрольное поле 01540nam0a2200385 4500
001 - ИДЕНТИФИКАТОР ЗАПИСИ
контрольное поле RU\NLR\BIBL_A\012622994
005 - ИДЕНТИФИКАТОР ВЕРСИИ
контрольное поле 20260319145408.0
010 ## - МЕЖДУНАРОДНЫЙ СТАНДАРТНЫЙ НОМЕР КНИГИ (ISBN)
Номер (ISBN) 978-5-386-13694-9
Тираж 1200
021 ## - НОМЕР ГОСУДАРСТВЕННОЙ РЕГИСТРАЦИИ
Код страны Российская Федерация
Номер КН-П-21-041638
Номер Листа государственной регистраци КН-П-21-3270
035 ## - ДРУГИЕ СИСТЕМНЫЕ НОМЕРА
Идентификатор записи (NLR Aleph) 012622994
100 ## - ДАННЫЕ ОБЩЕЙ ОБРАБОТКИ
Данные общей обработки 20211018d2021 u y0rusy50 ca
101 1# - ЯЗЫК РЕСУРСА
Язык текста, звукозаписи и т.д. русский
Язык оригинала французский
102 ## - СТРАНА ПУБЛИКАЦИИ ИЛИ ПРОИЗВОДСТВА
Страна публикации Российская Федерация
105 ## - ПОЛЕ КОДИРОВАННЫХ ДАННЫХ: ТЕКСТОВЫЕ МАТЕРИАЛЫ, МОНОГРАФИЧЕСКИЕ
Кодированные данные о монографическом текстовом документе y|||z|||000zy
181 #0 - ПОЛЕ КОДИРОВАННЫХ ДАННЫХ: ВИД СОДЕРЖАНИЯ
Код вида содержания (ISBD) i
Код характеристики содержания (ISBD) axxe
182 #0 - ПОЛЕ КОДИРОВАННЫХ ДАННЫХ: ТИП СРЕДСТВА
Код типа средства (ISBD) n - непосредственное
200 1# - ЗАГЛАВИЕ И СВЕДЕНИЯ ОБ ОТВЕТСТВЕННОСТИ
Основное заглавие Система вещей
Параллельное заглавие Le systeme des objets
Первые сведения об ответственности Жан Бодрийяр
Последующие сведения об ответственности перевод с французского С.Н. Зенкина
Язык параллельного заглавия французский
203 ## - ВИД СОДЕРЖАНИЯ И ТИП СРЕДСТВА
Вид содержания Текст
Дополнительные сведения об издании визуальный
Тип средства непосредственный
210 ## - ПУБЛИКАЦИЯ, РАСПРОСТРАНЕНИЕ И ДР.
Место издания, распространения и т.д. Москва
Имя издателя, распространителя и т. д. РИПОЛ классик
-- Панглосс
Дата издания, распространения и т.д. 2021
215 ## - ФИЗИЧЕСКАЯ ХАРАКТЕРИСТИКА
Специфическое обозначение материала и объем 253, [2] с.
Размеры 21
225 1# - СЕРИЯ
Основное заглавие серии Фигуры философии
300 ## - ОБЩИЕ ПРИМЕЧАНИЯ
Текст примечания Авт. также на фр. яз.: Jean Baudrillard
320 ## - ПРИМЕЧАНИЯ О НАЛИЧИИ В ДОКУМЕНТЕ БИБЛИОГРАФИИ / УКАЗАТЕЛЯ
Текст примечания Библиогр. в подстроч. примеч.
333 ## - ПРИМЕЧАНИЯ ОБ ОСОБЕННОСТЯХ РАСПРОСТРАНЕНИЯ И ИСПОЛЬЗОВАНИЯ
Текст примечания 16+
510 1# - ПАРАЛЛЕЛЬНОЕ ЗАГЛАВИЕ
Связь между полями z33790
Параллельное заглавие Le systeme des objets
Язык заглавия французский
606 1# - НАИМЕНОВАНИЕ ТЕМЫ КАК ПРЕДМЕТ
Наименование темы Постмодернизм (филос.)
Географический подзаголовок Франция
Системный номер авторитетной/нормативной записи 2701570
Идентификатор авторитетной/нормативной записи RU\NLR\AUTH\6601767885
686 1# - ИНДЕКСЫ ДРУГИХ КЛАССИФИКАЦИЙ
Индекс Ю3(4Фр)6-68
700 #1 - ИМЯ ЛИЦА - ПЕРВИЧНАЯ ОТВЕТСТВЕННОСТЬ
Графика поля Кириллица
Материалы, к которым относится поле rus
Начальный элемент ввода Бодрийяр
Часть имени, кроме начального элемента ввода Ж.
Даты 1929-2007
Расширение инициалов личного имени Жан
Системный номер авторитетной/нормативной записи 120510
Идентификатор авторитетной/нормативной записи RU\NLR\AUTH\7710745
790 #1 - ИМЯ ЛИЦА - АЛЬТЕРНАТИВНАЯ ФОРМА
Связь между полями z33510
Графика поля Латинская
Материалы, к которым относится поле fre
Начальный элемент ввода Baudrillard
Часть имени, кроме начального элемента ввода J.
Даты 1929-2007
Расширение инициалов личного имени Jean
Системный номер авторитетной/нормативной записи 126926
Идентификатор авторитетной/нормативной записи RU\NLR\AUTH\770126946
942 ## - ДОПОЛНИТЕЛЬНЫЕ ЭЛЕМЕНТЫ ЗАПИСИ (АБИС)
Тип экземпляра АБИС Книга
980 4# - КОЛЛЕКЦИЯ
Название коллекции Новые поступления - Юношеский читальный зал
980 ## - КОЛЛЕКЦИЯ
Название коллекции Национальная библиография
Экземпляры
Тип экземпляра Дата поступления Источник поступления Библиотека постоянного хранения Библиотека текущего хранения Место хранения Шифр хранения Штрих-код Статус экземпляра Стоимость
Книга 18.10.2021 Обязательный экземпляр РНБ (Московский) РНБ (Московский) Русский книжный фонд: издания с 1957 года 2021-3/24256 1-3536329    
Книга 18.10.2021 Обязательный экземпляр РНБ (Фонтанка) РНБ (Фонтанка) Юношеский читальный зал Ю Ю3(4-8)д Бодрийяр/Б-75 1-3483970   0.00